00820nac a22002291u 4500010001400000020001500014022001500029028001400044082002000058090001500078100003400093245007000127260005900197300002500256490002900281500005000310504005100360650002000411942002200431999001500453952012200468 a012595609 a0195793870 a9953101906 bwww.bl.uk a297.8209bJ1809 c2663d2663 aJafri, S. Husain M.  aorigins and early development of Shi'as IslamcS. Husain M. Jafri aKarachi ; Oxford :bOxford University Press,2000c2000 ax, 332 p. ;c 23 cm. a( The millennium series) aOriginally published: London : Longman, 1979. aIncludes bibliographical references and index. ashi'asxhistory cBBk297.8209J1809 c2663d2663 00104070aMAINbMAINcLOWd2007-05-28ePurchasel2m6o297.8209 JAFp000001558r2025-07-15 00:00:00s2016-04-04yBB